| 000 | 00738nam a22002177a 4500 | ||
|---|---|---|---|
| 003 | OSt | ||
| 008 | 260305b2021 |||||||| |||| 00| 0 eng d | ||
| 020 | _a9781529375992 | ||
| 082 |
_a303.4834 _bKIS-A |
||
| 100 | _aKissinger, Henry A. | ||
| 245 |
_aThe Age of AI : _band our human future / _cHenry A. Kissinger, Eric Schmidt and Daniel Huttenlocher |
||
| 260 |
_aLondon : _bJohn Murray, _c2021. |
||
| 300 | _a266 p. ; | ||
| 650 | _aArtificial intelligence Social aspects | ||
| 650 | _aArtificial intelligence Political aspects | ||
| 650 | _aTechnology and civilization | ||
| 650 | _aInternational relations Technological innovations | ||
| 650 | _aEthics of artificial intelligence | ||
| 650 | _aFuture of society | ||
| 942 |
_2ddc _cBK |
||
| 999 |
_c21568 _d21568 |
||